Tiếng Pháp thương mại

Đã lưu trong:
Sonraí Bibleagrafaíochta
Príomhúdar: Nguyễn Văn Khiêm, Nguyễn Thị Tiệp
Formáid: Leabhar
Teanga:French
Foilsithe: NXB Thế Giới
Ábhair:
Clibeanna: Cuir Clib Leis
Gan Chlibeanna, Bí ar an gcéad duine leis an taifead seo a chlibeáil!
Thư viện lưu trữ: Mạng thư viện Đại học Đà Nẵng
LEADER 01062cam a22003251a 4500
001 000036008
003 12300
005 20160328000000.0
008 160321s0 fr 000 fre
041 |a fre 
082 |a 448.38  |b NG-K 
100 |a Nguyễn Văn Khiêm, Nguyễn Thị Tiệp 
245 |a Tiếng Pháp thương mại 
260 |a NXB Thế Giới 
300 |a 279tr, mh, 29cm 
650 |a Tiếng Pháp thương mại,Nguyễn Văn Khiêm,Nguyễn Thị Tiệp 
852 |b Chuyên đề  |c Giáo trình 
OWN |a LNN 
AVA |a UDN50  |b LNN  |d 448.38 NG-K  |e check_holdings  |t Error 5003 Not defined in file expand_doc_bib_avail.  |h N  |k 1 
999 |a From the UDN01 
AVA |a UDN50  |b LNN  |d 448.38 NG-K  |e available  |t Error 5001 Not defined in file expand_doc_bib_avail.  |f 59  |g 0  |h N  |i 0  |k 1 
TYP |a Monograph 
TYP |a Printed language 
980 |a Mạng thư viện Đại học Đà Nẵng